00667cam a22002291 4500001001300000003000400013005001700017008004100034010001700075035001900092040001900111042001200130050001900142100001700161245004200178260005900220300004000279440004300319504002700362650003100389999001700420sa 63000792 DLC20260227111923.0810702s1959 ii a b 000 0 eng  asa 63000792  a(OCoLC)7548721 aDLCcKWiUdDLC apremarc00aHD9506.I42bM31 aMadan, A. K.10aEconomic survey of minerals in India. aNew Delhi,bEconomic & Industrial Publications,c1959. axi, 228 p.bdiagr., tables.c22 cm. 0aIndian mineral resources seriesvno. 1 aIncludes bibliography. 0aMineral industrieszIndia. c53631d53631